Quartiers de Besançon. - Statistiques

Statistiques générales
  • Ce quiz a été pris 270 fois
  • Le résultat moyen est 6 sur 14
Statistiques - réponses
Quartier Nombre d'habitants % Correct
Planoise 17 742
96%
La Boucle 10 735
74%
Battant 4 037
63%
Palente-Orchamps 10 876
63%
Bregille 3 282
46%
Montrapon-Montboucons 13 312
46%
Les Chaprais 15 596
44%
Saint-Claude-Torcols 15 276
36%
Velotte 2 386
33%
Saint-Ferjeux-Rosemont 6 467
32%
Tilleroyes 2 328
31%
Butte-Grette 8 370
30%
Chailluz 0
18%
Clairs-Soleils-Vaites 5 525
12%
Aucun quiz correspondant
Distribution des résultats
% des personnes avec chaque résultat
Percentile par nombre de réponses
Votre historique - résultats
Vous n’avez pas pris ce quiz